| 000 | 01536cam a2200277 i 4500 | ||
|---|---|---|---|
| 003 | OSt | ||
| 005 | 20200923144834.0 | ||
| 008 | 170217s2013 ck abd gr 000 0 spa d | ||
| 020 | _a9789588719146 | ||
| 040 |
_aCO-BoBLA _cCO-JMCR |
||
| 041 | 0 | _aspa | |
| 082 | 0 | 4 |
_a320.09861 _bL685c _223 |
| 100 | 1 |
_aLeyva Botero, Santiago, _eautor _eeditor _910724 |
|
| 245 | 1 | 0 |
_aLa ciencia política en Colombia : _b¿una disciplina en institucionalización? / _cSantiago Leyva Botero, Patricia Muñoz Yi, José Antonio Fortou. [y otros 15]. |
| 250 | _aPrimera edición | ||
| 260 |
_aMedellín : _bFondo Editorial Universidad EAFIT, _c2013. |
||
| 300 |
_a322 páginas : _bilustraciones, gráficos, mapas a color ; _c23 cm. |
||
| 504 | _aBibliografía: páginas 307-308. | ||
| 505 | 0 | _aEl estado de la ciencia política en Colombia. -- Las historias regionales de la ciencia política en Colombia. -- La enseñanza de la ciencia política en Colombia a nivel de pregrado. -- La investigación en ciencia política en Colombia. -- Las asociaciones disiplinares de la ciencia política. | |
| 520 | 0 | _aEste libro explora los avances en la institucionalización de la ciencia política en Colombia. | |
| 650 | 2 | 4 |
_aCiencia política _xHistoria _zColombia _vCongresos, conferencias. _910725 |
| 650 | 2 | 4 |
_aCiencia política _xEnseñanza superior _zColombia _vCongresos, conferencias, _910726 |
| 650 | 2 | 4 |
_aCiencia política _xInvestigación _zColombia _vCongresos, conferencias. _910727 |
| 700 | 1 |
_aMuñoz Yi, Patricia _eautora _910728 |
|
| 942 |
_2ddc _cBK |
||
| 999 |
_c6880 _d6880 |
||